Responses for Show #4829 - Thursday, September 15, 2005

David Madden game 18.

(Jimmy: We're in Washington, D.C., poking around in the nation's attic.)
(Cheryl: Artifacts from the vault of the Smithsonian, next on Jeopardy!)

Contestants

[<< previous game]

Martha McKinney, a pediatrician from Kingston, Ontario, Canada

Michael Shirts, a research scientist from New York, New York

David Madden, a student originally from Ridgewood, New Jersey (whose 17-day cash winnings total $391,900)

[next game >>]

Jeopardy! Round responses

FROM THE VAULTS OF THE SMITHSONIAN
ON PRESIDENT BUSH'S iPOD
MARSUPIALS
22
YEARS
STILL GOING "STRONG"
(Alex: That's like Jeopardy!)
    $200 2
The Boy in the Bubble

Martha
    $200 17
"Brown Eyed Girl"

Martha
    $200 29
boomer

David
    $200 14
tarot cards

David
    $200 8
1920

Martha
    $200 7
a strongbox

David
    $400 3
a pacemaker

Martha
    $400 18
"Centerfield"

David
    $400 30
their feet

Michael
    $400 23
the Hebrew

David
    $400 9
1969

Michael
    $400 10
to strong-arm

Martha
    $600 4
(Martha: What is an ultrasound?)
(Michael: What is a metal detector?)
...
(Alex: You have to pay close attention to the clue, which said, "this inventor". Inventor--[*] is the name we were going for.)

Alexander Graham Bell

MichaelMartha
Triple Stumper
    $600 19
(Kenny) Loggins

David
    $600 16
the opossum

Martha
    $600 26
(Martha: Who is Arnold Palmer?)

(Jack) Nicklaus

DavidMartha
    $600 22
1944

Michael
    $600 11
a strong suit

Martha
    $800 5
James K. Polk

Triple Stumper
    $800 20
Stevie Ray Vaughan

Martha
    $1,000 1
(Alex: You can risk any or all of your current total.)
[Laughter]
(David: Uh...)
(Alex: ...or you can risk--)
(David: I know the rules here.)
(Alex: Or you can risk the maximum value of the clue on the board.)
(David: And I'll do that--$1,000.)
(Alex: $1,000 it is. Here is the clue...)

the Tasmanian devil

David
    $800 27
Edmund Hillary

Michael
    $800 24
1975

David
    $800 12
a stronghold

Martha
    $1000 6
(Alex: That's right. Discovered penicillin.)

(Alexander) Fleming

Michael
    $1000 21
George Jones

David
    $1000 15
wombat

David
    $1000 28
the United Way

Martha
    $1000 25
(Michael: What is 1820?)
...
(Alex: With a minute to go.)

1850

DavidMichael
    $1000 13
strong force (strong forces accepted)

Martha

Scores at the first commercial break (after clue 12):

David Michael Martha
$1,200 $800 $2,000

Scores at the end of the Jeopardy! Round:

David Michael Martha
$7,400 $1,600 $5,000

Double Jeopardy! Round responses

WORLD CAPITALS
CELEBRITY LOGOS
DICKENS HEARS FROM HOLLYWOOD
(Alex: We want you to name the novel being discussed.)
FASHION
WHO THE "H" ARE YOU?
BEFORE & AFTER
    $400 22
Managua

Martha
    $400 19
(Martha: Who is Tom Watson?)

Tiger Woods

MichaelMartha
    $400 27
Oliver Twist

Martha
    $400 14
polo

Michael
    $400 6
Alexander Hamilton

Michael
    $400 3
Jimmy Olsen twins

Michael
    $800 23
Brussels

Martha
    $800 20
(Alex: [Overlapping as Michael selects CELEBRITY LOGOS for $1200] A minute to go.)

(David) Beckham

Michael
    $800 28
[The end-of-round signal sounds.]

Great Expectations

Michael
    $800 15
(Martha: What is Converse?)

Keds

Martha
Triple Stumper
    $800 7
Whitney Houston

Triple Stumper
    $800 4
Tom DeLay Lady Lay

Michael
    $1200 24
Ulan Bator

Martha
    $1200 21
Dale Earnhardt Jr.

David
    $1200 16
Ferragamo

Martha
    $1200 8
Harding

David
    $1200 5
(Alex: Aren't you glad that, uh, you're starting to roll now on these things and, uh...)
(Michael: WHO THE "H" ARE YOU? for $400.)
(Alex: I'll tell you!...)

Private Benjamin Disraeli

Michael
    $5,400 9
Mogadishu

David
    $1600 25
Puff Daddy

Martha
    $2,400 12
(David: I studied this yesterday. What is [*]?)
(Alex: You're right. Why did you study it yesterday?)
(David: Preparing for the show.)
(Alex: My gosh.)
(David: And it pays off.)

Nicholas Nickleby

David
    $1600 17
culottes

Triple Stumper
    $1600 10
(David) Helfgott

David
    $1600 2
(Alex: Wanna go somewhere else?)
(Michael: Uh...)
(Alex: You're gonna stick with it?)

Billie Jean King Crab

Triple Stumper
    $2000 13
Minsk

Michael
    $2000 26
LeBron James

Michael
    $2000 18
Girbaud

Triple Stumper
    $2000 11
S.I. Hayakawa

Triple Stumper
    $2000 1
Ellery Queen for a Day

Triple Stumper

Scores at the end of the Double Jeopardy! Round:

David Michael Martha
$19,200 $10,800 $9,400

[wagering suggestions for these scores]

Final Jeopardy! Round responses

EUROPEAN RULERS
[NOTE: The "April" in the clue appeared in the expanded version of the clue shown during the "Think!" music, but did not appear on the monitor and was not read by Alex.]
(Alex: His mother, Grace Kelly, was the niece of the man who won the Pulitzer.)
MarthaWho is Prince Albert of Monaco
$1,400
MichaelWho is Prince Albert?
$8,450
DavidWho is Prince Albert of Monaco Monaco
$2,800
Prince Albert II of Monaco

Final scores:

David Michael Martha
$22,000 $19,250 $10,800
18-day champion: $413,900 2nd place: $2,000 3rd place: $1,000

Game dynamics:

Coryat scores:

David Michael Martha
$14,400 $10,800 $9,400
17 R
(including 3 DDs),
0 W
15 R,
2 W
17 R,
4 W

Combined Coryat: $34,600

[game clues] [game scores] [suggest correction]

Game tape date: 2005-07-20
The J! Archive is created by fans, for fans. Scraping, republication, monetization, and malicious use prohibited; this site may use cookies and collect identifying information. See terms. The Jeopardy! game show and all elements thereof, including but not limited to copyright and trademark thereto, are the property of Jeopardy Productions, Inc. and are protected under law. This website is not affiliated with, sponsored by, or operated by Jeopardy Productions, Inc. Join the discussion at JBoard.tv.